00606cam a2200193 a 4500001001300000003000400013005001700017008004100034010001700075040001800092050002100110051007500131100003300206245003300239260003400272300002500306710006400331999001700395ca 12001091 DLC20260227111058.0050726s1893 nyu 000 0 eng  aca 12001091  aDLCcDLCdDLC00aPR5750b.A2 1893 aPR5750b.A2 1893 Copy 3cFrom the library of Oliver Wendell Holmes Jr.1 aWatson, William,d1858-1935.14aThe poems of William Watson. aNew York :bMacmillan,c1893. aix, 280 p. ;c19 cm.2 aOliver Wendell Holmes Collection (Library of Congress)5DLC c14683d14683